[Event "European Team-ch 2007"]
[Site "Crete GRE"]
[Date "2007.10.31"]
[Round "4.9"]
[White "Adams, Michael"]
[Black "Berg, Emanuel"]
[Result "1-0"]
[WhiteElo "2729"]
[BlackElo "2593"]
[PlyCount "95"]
[EventDate "2007.10.28"]
[EventType "team"]
[EventRounds "9"]
[EventCountry "GRE"]
[Source "lmi"]
[SourceDate "2007.10.28"]
[WhiteTeam "England"]
[BlackTeam "Sweden"]
[WhiteTeamCountry "ENG"]
[BlackTeamCountry "SWE"]

1. e4 e6 2. d4 d5 3. Nd2 Nf6 4. e5 Nfd7 5. c3 c5 6. Bd3 Nc6 7. Ngf3 g6 8. h4 h6
9. Bc2 b5 10. O-O a5 11. Re1 cxd4 12. cxd4 g5 13. Nf1 g4 14. N3h2 h5 15. g3 Qb6
16. Be3 Bb4 17. Re2 Ba6 18. Rc1 O-O-O 19. f3 gxf3 20. Nxf3 Be7 21. Rf2 Kb7 22.
Ng5 Bxg5 23. hxg5 Rdf8 24. Rf4 Qd8 25. Rh4 Nb6 26. b3 b4 27. Nh2 Nc8 28. Bb1
N8e7 29. Rxh5 Rxh5 30. Qxh5 Qb6 31. Rc5 Nb8 32. Qf3 Nd7 33. Rc1 Nc6 34. Qf2 Rc8
35. Ng4 Rc7 36. Kh2 a4 37. Nh6 axb3 38. axb3 Na5 39. Rxc7+ Kxc7 40. Bc2 Bc4 41.
Nxf7 Nxb3 42. g6 Qb8 43. Nh6 Qh8 44. Qf7 Nxd4 45. g7 Qxg7 46. Qxg7 Nxc2 47. Bc1
Ne1 48. Qe7 1-0

[Event "European Team-ch 2007"]
[Site "Crete GRE"]
[Date "2007.10.31"]
[Round "4.9"]
[White "Agrest, Evgenij"]
[Black "Jones, Gawain C B"]
[Result "1/2-1/2"]
[WhiteElo "2541"]
[BlackElo "2567"]
[PlyCount "48"]
[EventDate "2007.10.28"]
[EventType "team"]
[EventRounds "9"]
[EventCountry "GRE"]
[Source "lmi"]
[SourceDate "2007.10.28"]
[WhiteTeam "Sweden"]
[BlackTeam "England"]
[WhiteTeamCountry "SWE"]
[BlackTeamCountry "ENG"]

1. Nf3 Nf6 2. c4 g6 3. Nc3 Bg7 4. g3 O-O 5. Bg2 d6 6. O-O e5 7. d3 Nc6 8. Rb1
a5 9. h3 h6 10. e4 Nd7 11. Be3 Nc5 12. d4 exd4 13. Nxd4 Nxd4 14. Bxd4 f5 15.
Bxg7 Kxg7 16. Qd4+ Qf6 17. Qxf6+ Rxf6 18. Rfe1 fxe4 19. Nxe4 Nxe4 20. Rxe4 Re6
21. Rbe1 Kf6 22. Rf4+ Kg7 23. Rfe4 Kf6 24. Rf4+ Kg7 1/2-1/2

[Event "European Team-ch 2007"]
[Site "Crete GRE"]
[Date "2007.10.31"]
[Round "4.9"]
[White "Pert, Nicholas"]
[Black "Cicak, Slavko"]
[Result "0-1"]
[WhiteElo "2539"]
[BlackElo "2569"]
[PlyCount "116"]
[EventDate "2007.10.28"]
[EventType "team"]
[EventRounds "9"]
[EventCountry "GRE"]
[Source "lmi"]
[SourceDate "2007.10.28"]
[WhiteTeam "England"]
[BlackTeam "Sweden"]
[WhiteTeamCountry "ENG"]
[BlackTeamCountry "SWE"]

1. d4 g6 2. Nf3 Bg7 3. e4 c6 4. Nc3 d6 5. Be3 b5 6. Bd3 Bb7 7. e5 Nd7 8. e6
fxe6 9. Ng5 Nf8 10. O-O Nf6 11. Re1 Bc8 12. Qf3 Bd7 13. Bd2 h6 14. Nge4 Rc8 15.
a4 a6 16. axb5 axb5 17. d5 Kf7 18. dxc6 Bxc6 19. Bxb5 Bxb5 20. Nxb5 d5 21. Nxf6
Bxf6 22. Bc3 Rh7 23. Be5 Rxc2 24. Nd4 Rc8 25. Ra6 Qd7 26. h4 Qb7 27. Ra3 Kg8
28. Rb3 Qd7 29. Qg3 Rc4 30. Nf3 Qc6 31. Rb8 Rg7 32. Kh2 g5 33. h5 g4 34. Bxf6
exf6 35. Nh4 Kf7 36. Ra1 Qc7 37. Raa8 Nd7 38. Rh8 f5 39. Qxc7 Rxc7 40. Rxh6 g3+
41. fxg3 Nf6 42. Rg6 Nxh5 43. Rxg7+ Kxg7 44. Nf3 Nf6 45. Ne5 Ng4+ 46. Nxg4 fxg4
47. Ra4 Rc4 48. b3 Rc3 49. Rxg4+ Kf6 50. Rb4 e5 51. Kg1 Rc2 52. Kf1 d4 53. g4
d3 54. Ke1 Re2+ 55. Kd1 e4 56. Rb5 Rxg2 57. Rd5 Ke6 58. Rd8 Ke5 0-1

[Event "European Team-ch 2007"]
[Site "Crete GRE"]
[Date "2007.10.31"]
[Round "4.9"]
[White "Carlsson, Pontus"]
[Black "Hebden, Mark L"]
[Result "1/2-1/2"]
[WhiteElo "2481"]
[BlackElo "2542"]
[PlyCount "104"]
[EventDate "2007.10.28"]
[EventType "team"]
[EventRounds "9"]
[EventCountry "GRE"]
[Source "lmi"]
[SourceDate "2007.10.28"]
[WhiteTeam "Sweden"]
[BlackTeam "England"]
[WhiteTeamCountry "SWE"]
[BlackTeamCountry "ENG"]

1. e4 e5 2. Nf3 Nc6 3. Bb5 a6 4. Ba4 Nf6 5. O-O Be7 6. Re1 b5 7. Bb3 O-O 8. c3
d6 9. h3 Na5 10. Bc2 c5 11. d4 Qc7 12. Nbd2 cxd4 13. cxd4 Rd8 14. b3 Nc6 15.
Bb2 Bb7 16. Rc1 Qb6 17. Nf1 d5 18. exd5 Nxd5 19. Nxe5 Nxe5 20. dxe5 Bg5 21. Qh5
h6 22. e6 fxe6 23. Qg6 Bf6 24. Bxf6 Nxf6 25. Re3 Rd7 26. Rce1 Bd5 27. Rg3 Rf7
28. Ne3 Kf8 29. Kh2 Rd8 30. Re2 Qc7 31. Kg1 Qe5 32. f4 Qd4 33. Kh1 Qxf4 34.
Nxd5 Qf1+ 35. Kh2 Qxe2 36. Nxf6 gxf6 37. Qxh6+ Ke7 38. Bg6 Qd2 39. Qxd2 Rxd2
40. Bxf7 Kxf7 41. a3 f5 42. h4 f4 43. Rg4 e5 44. h5 Kf6 45. h6 Rd7 46. g3 Rh7
47. gxf4 Rxh6+ 48. Kg3 Rh1 49. fxe5+ Kxe5 50. Kf2 Rh3 51. a4 Rxb3 52. axb5 axb5
1/2-1/2

[Event "European Team-ch 2007"]
[Site "Crete GRE"]
[Date "2007.10.31"]
[Round "4.10"]
[White "Khamrakulov, Ibragim S"]
[Black "Buhmann, Rainer"]
[Result "1/2-1/2"]
[WhiteElo "2604"]
[BlackElo "2567"]
[PlyCount "53"]
[EventDate "2007.10.28"]
[EventType "team"]
[EventRounds "9"]
[EventCountry "GRE"]
[Source "lmi"]
[SourceDate "2007.10.28"]
[WhiteTeam "Espana"]
[BlackTeam "Germany"]
[WhiteTeamCountry "ESP"]
[BlackTeamCountry "GER"]

1. e4 e5 2. Nf3 Nc6 3. Bc4 Nf6 4. d3 Bc5 5. c3 d6 6. h3 a6 7. Bb3 Ba7 8. Nbd2
O-O 9. Nf1 d5 10. Qe2 h6 11. Ng3 Be6 12. O-O Re8 13. Be3 Bxe3 14. Qxe3 Qd7 15.
Rfd1 Rad8 16. d4 exd4 17. Nxd4 Nxd4 18. Rxd4 c5 19. Rd2 d4 20. cxd4 cxd4 21.
Qd3 Bxb3 22. axb3 Qc7 23. Re1 Qf4 24. Rde2 Qe5 25. Rf1 Qf4 26. Rfe1 Qe5 27. Rf1
1/2-1/2

[Event "European Team-ch 2007"]
[Site "Crete GRE"]
[Date "2007.10.31"]
[Round "4.10"]
[White "Baramidze, David"]
[Black "Narciso Dublan, Marc"]
[Result "1/2-1/2"]
[WhiteElo "2569"]
[BlackElo "2546"]
[PlyCount "21"]
[EventDate "2007.10.28"]
[EventType "team"]
[EventRounds "9"]
[EventCountry "GRE"]
[Source "lmi"]
[SourceDate "2007.10.28"]
[WhiteTeam "Germany"]
[BlackTeam "Espana"]
[WhiteTeamCountry "GER"]
[BlackTeamCountry "ESP"]

1. e4 e5 2. Nf3 Nc6 3. d4 exd4 4. Nxd4 Bc5 5. Be3 Qf6 6. c3 Nge7 7. Be2 d5 8.
O-O O-O 9. Nxc6 Qxc6 10. Bxc5 Qxc5 11. Nd2 1/2-1/2

[Event "European Team-ch 2007"]
[Site "Crete GRE"]
[Date "2007.10.31"]
[Round "4.11"]
[White "Nevednichy, Vladislav"]
[Black "Gurevich, Mikhail"]
[Result "0-1"]
[WhiteElo "2531"]
[BlackElo "2627"]
[PlyCount "49"]
[EventDate "2007.10.28"]
[EventType "team"]
[EventRounds "9"]
[EventCountry "GRE"]
[Source "lmi"]
[SourceDate "2007.10.28"]
[WhiteTeam "Romania"]
[BlackTeam "Turkey"]
[WhiteTeamCountry "ROM"]
[BlackTeamCountry "TUR"]

1. e4 e6 2. d4 d5 3. Nd2 c5 4. exd5 exd5 5. Ngf3 c4 6. b3 cxb3 7. axb3 Bb4 8.
Ne5 Ne7 9. Bd3 O-O 10. O-O Nf5 11. Bb2 f6 12. Nef3 Nc6 13. c3 Bd6 14. Re1 Qc7
15. Qb1 g6 16. b4 Bd7 17. b5 Nce7 18. c4 dxc4 19. Bxc4+ Kh8 20. Qd3 Bb4 21. Re2
Nc8 22. Qb3 Bxd2 23. Nxd2 Ncd6 24. Rae1 Qb6 25. d5 0-1

[Event "European Team-ch 2007"]
[Site "Crete GRE"]
[Date "2007.10.31"]
[Round "4.11"]
[White "Atalik, Suat"]
[Black "Lupulescu, Constantin"]
[Result "1/2-1/2"]
[WhiteElo "2599"]
[BlackElo "2562"]
[PlyCount "30"]
[EventDate "2007.10.28"]
[EventType "team"]
[EventRounds "9"]
[EventCountry "GRE"]
[Source "lmi"]
[SourceDate "2007.10.28"]
[WhiteTeam "Turkey"]
[BlackTeam "Romania"]
[WhiteTeamCountry "TUR"]
[BlackTeamCountry "ROM"]

1. d4 Nf6 2. c4 g6 3. Nc3 d5 4. Nf3 Bg7 5. Qb3 dxc4 6. Qxc4 O-O 7. e4 Nc6 8.
Be2 Bg4 9. d5 Na5 10. Qb4 Bxf3 11. Bxf3 c6 12. O-O cxd5 13. exd5 Rc8 14. Rd1
Ne8 15. Ne4 h6 1/2-1/2

[Event "European Team-ch 2007"]
[Site "Crete GRE"]
[Date "2007.10.31"]
[Round "4.11"]
[White "Berescu, Alin"]
[Black "Esen, Baris"]
[Result "1/2-1/2"]
[WhiteElo "2508"]
[BlackElo "2453"]
[PlyCount "95"]
[EventDate "2007.10.28"]
[EventType "team"]
[EventRounds "9"]
[EventCountry "GRE"]
[Source "lmi"]
[SourceDate "2007.10.28"]
[WhiteTeam "Romania"]
[BlackTeam "Turkey"]
[WhiteTeamCountry "ROM"]
[BlackTeamCountry "TUR"]

1. e4 e6 2. d4 d5 3. Nc3 Nf6 4. Bg5 dxe4 5. Nxe4 Be7 6. Bxf6 Bxf6 7. Nf3 Nd7 8.
Qd2 O-O 9. O-O-O b6 10. Bd3 Bb7 11. Qe2 Be7 12. h4 Nf6 13. Neg5 Bxf3 14. Nxf3
Qd5 15. Kb1 Rad8 16. Ne5 c5 17. dxc5 Qxc5 18. Bc4 Nd5 19. Bxd5 exd5 20. Nd3 Qc7
21. g3 Bf6 22. Rhe1 d4 23. Nf4 g6 24. Qf3 Be5 25. Nd3 Bg7 26. Re2 a5 27. Rde1
b5 28. Re7 Qc4 29. h5 Rc8 30. R1e2 a4 31. a3 Rfd8 32. h6 Bf8 33. Ne5 Qd5 34.
Rxf7 Qxf3 35. Rxf3 Re8 36. Rd3 Rcd8 37. f4 Bxh6 38. Re4 Bg7 39. Rexd4 Rxd4 40.
Rxd4 Bxe5 41. Re4 Kf7 42. fxe5 h5 43. Kc1 Ke6 44. Kd2 Kf5 45. Rf4+ Kg5 46. Re4
Kf5 47. Rf4+ Kg5 48. Re4 1/2-1/2

[Event "European Team-ch 2007"]
[Site "Crete GRE"]
[Date "2007.10.31"]
[Round "4.11"]
[White "Erdogdu, Mert"]
[Black "Murariu, Andrei"]
[Result "1-0"]
[WhiteElo "2440"]
[BlackElo "2503"]
[PlyCount "65"]
[EventDate "2007.10.28"]
[EventType "team"]
[EventRounds "9"]
[EventCountry "GRE"]
[Source "lmi"]
[SourceDate "2007.10.28"]
[WhiteTeam "Turkey"]
[BlackTeam "Romania"]
[WhiteTeamCountry "TUR"]
[BlackTeamCountry "ROM"]

1. e4 c5 2. Nf3 Nc6 3. d4 cxd4 4. Nxd4 Nf6 5. Nc3 d6 6. Bg5 e6 7. Qd2 a6 8.
O-O-O Bd7 9. f3 Be7 10. h4 h6 11. Be3 h5 12. Bg5 Qc7 13. Kb1 Nxd4 14. Qxd4 b5
15. Ne2 a5 16. Qd2 b4 17. Nd4 Qb7 18. Bd3 a4 19. Rhe1 Ra5 20. f4 Qa7 21. Nf3 b3
22. e5 a3 23. cxb3 Nd5 24. Bxe7 Nxe7 25. exd6 Nd5 26. Bc4 O-O 27. b4 Nxb4 28.
Qxb4 Rb8 29. Qc3 axb2 30. Ne5 Ra3 31. Qd4 Qa4 32. Nxd7 Qxd7 33. Bb3 1-0

[Event "European Team-ch 2007"]
[Site "Crete GRE"]
[Date "2007.10.31"]
[Round "4.12"]
[White "Ragger, Markus"]
[Black "Socko, Bartosz"]
[Result "1/2-1/2"]
[WhiteElo "2528"]
[BlackElo "2646"]
[PlyCount "130"]
[EventDate "2007.10.28"]
[EventType "team"]
[EventRounds "9"]
[EventCountry "GRE"]
[Source "lmi"]
[SourceDate "2007.10.28"]
[WhiteTeam "Austria"]
[BlackTeam "Poland"]
[WhiteTeamCountry "AUT"]
[BlackTeamCountry "POL"]

1. e4 e6 2. d4 d5 3. Nc3 Nf6 4. e5 Nfd7 5. f4 c5 6. Nf3 Nc6 7. Be3 a6 8. Qd2 b5
9. a3 Qa5 10. dxc5 Bxc5 11. Bxc5 Nxc5 12. Nd4 Qb6 13. Nxc6 Qxc6 14. b4 Ne4 15.
Nxe4 dxe4 16. Rc1 O-O 17. c4 bxc4 18. Rxc4 Qa4 19. Qe3 Bb7 20. Be2 Rfc8 21. O-O
Rxc4 22. Bxc4 Rc8 23. Bb3 Qd7 24. Rd1 Qc7 25. Qc5 Qxc5+ 26. bxc5 Kf8 27. Ba4
Bd5 28. Rc1 Ke7 29. Kf2 Kd8 30. Rc3 Rb8 31. Bc2 Rb2 32. Ke3 Ra2 33. Bxe4 Bxe4
34. Kxe4 Rxg2 35. Rd3+ Kc7 36. Rd6 Rxh2 37. Rxa6 Kb7 38. Rd6 Kc7 39. c6 Re2+
40. Kf3 Ra2 41. Rd7+ Kxc6 42. Rxf7 Rxa3+ 43. Kf2 Ra2+ 44. Kf3 Ra3+ 45. Kf2 Kd5
46. Rxg7 Ke4 47. Rxh7 Kxf4 48. Rh5 Ra2+ 49. Ke1 Ra5 50. Rh4+ Kg3 51. Rh5 Kg4
52. Rh8 Rxe5+ 53. Kf2 Re4 54. Rh7 Kf4 55. Rh5 Rd4 56. Ke2 Ke4 57. Rh4+ Kd5 58.
Rh5+ e5 59. Rh3 Ra4 60. Rd3+ Ke6 61. Rb3 Ra2+ 62. Ke3 Kf5 63. Rb4 Ra3+ 64. Ke2
e4 65. Rb8 Ra2+ 1/2-1/2

[Event "European Team-ch 2007"]
[Site "Crete GRE"]
[Date "2007.10.31"]
[Round "4.12"]
[White "Miton, Kamil"]
[Black "Atlas, Valery"]
[Result "1/2-1/2"]
[WhiteElo "2628"]
[BlackElo "2482"]
[PlyCount "56"]
[EventDate "2007.10.28"]
[EventType "team"]
[EventRounds "9"]
[EventCountry "GRE"]
[Source "lmi"]
[SourceDate "2007.10.28"]
[WhiteTeam "Poland"]
[BlackTeam "Austria"]
[WhiteTeamCountry "POL"]
[BlackTeamCountry "AUT"]

1. d4 Nf6 2. c4 c5 3. d5 e5 4. Nc3 d6 5. e4 Be7 6. Nf3 Nbd7 7. Be2 O-O 8. O-O
Ne8 9. a3 g6 10. Bh6 Ng7 11. Qd2 Kh8 12. b4 b6 13. Rfd1 a6 14. Rab1 Ra7 15. Rb3
Qe8 16. Ng5 Nf6 17. bxc5 bxc5 18. Rb8 Nd7 19. Rb2 Nf6 20. Rdb1 Bd8 21. Nf3 Ba5
22. Qc2 Nd7 23. Bd2 Qd8 24. Ng5 Kg8 25. Bg4 h6 26. Bxd7 Rxd7 27. Nf3 g5 28. Na4
Bc7 1/2-1/2

[Event "European Team-ch 2007"]
[Site "Crete GRE"]
[Date "2007.10.31"]
[Round "4.12"]
[White "Weiss, Christian"]
[Black "Gajewski, Grzegorz"]
[Result "1/2-1/2"]
[WhiteElo "2460"]
[BlackElo "2573"]
[PlyCount "55"]
[EventDate "2007.10.28"]
[EventType "team"]
[EventRounds "9"]
[EventCountry "GRE"]
[Source "lmi"]
[SourceDate "2007.10.28"]
[WhiteTeam "Austria"]
[BlackTeam "Poland"]
[WhiteTeamCountry "AUT"]
[BlackTeamCountry "POL"]

1. d4 Nf6 2. c4 e6 3. Nc3 Bb4 4. Nf3 c5 5. e3 O-O 6. Bd3 d5 7. O-O dxc4 8. Bxc4
Nbd7 9. Qe2 a6 10. a3 Ba5 11. Bd2 b5 12. Ba2 cxd4 13. exd4 Bb7 14. Rfd1 Bxc3
15. Bxc3 Nd5 16. Bd2 Qf6 17. Qe4 Qg6 18. Qxg6 hxg6 19. Ne5 Nxe5 20. dxe5 Rfc8
21. Rac1 Nb6 22. Rxc8+ Rxc8 23. Bc1 Rxc1 24. Rxc1 Bd5 25. Bb1 Kf8 26. h4 Ke8
27. f4 Kd7 28. Kf2 1/2-1/2

[Event "European Team-ch 2007"]
[Site "Crete GRE"]
[Date "2007.10.31"]
[Round "4.12"]
[White "Bartel, Mateusz"]
[Black "Balinov, Ilia"]
[Result "1-0"]
[WhiteElo "2608"]
[BlackElo "2475"]
[PlyCount "109"]
[EventDate "2007.10.28"]
[EventType "team"]
[EventRounds "9"]
[EventCountry "GRE"]
[Source "lmi"]
[SourceDate "2007.10.28"]
[WhiteTeam "Poland"]
[BlackTeam "Austria"]
[WhiteTeamCountry "POL"]
[BlackTeamCountry "AUT"]

1. e4 e5 2. Nf3 Nf6 3. Nxe5 d6 4. Nf3 Nxe4 5. Bd3 Nf6 6. h3 Be7 7. O-O O-O 8.
c3 Nbd7 9. Bc2 Nc5 10. d4 Nce4 11. d5 c6 12. dxc6 bxc6 13. Nbd2 d5 14. Re1 Re8
15. Nxe4 Nxe4 16. Bxe4 dxe4 17. Qxd8 Bxd8 18. Bf4 f5 19. Rad1 Bf6 20. Bg5 Be6
21. Bxf6 exf3 22. Be5 fxg2 23. Kxg2 Bxa2 24. Rd7 Bf7 25. f4 Rad8 26. Red1 Bd5+
27. R1xd5 cxd5 28. Rxg7+ Kf8 29. Rxh7 a5 30. h4 Kg8 31. Rg7+ Kf8 32. Rg5 Rd7
33. h5 Re6 34. Rxf5+ Kg8 35. Rg5+ Kh7 36. Kf3 a4 37. Rg1 Rf7 38. Ke3 Rb6 39.
Ra1 Rxb2 40. Rxa4 Kh6 41. Ra8 Kxh5 42. Rg8 Rb1 43. Kd4 Rb5 44. Rg5+ Kh6 45. Bd6
Ra7 46. Rxd5 Rxd5+ 47. Kxd5 Kg7 48. Ke6 Ra4 49. f5 Re4+ 50. Be5+ Kf8 51. f6 Re3
52. c4 Rf3 53. c5 Rf1 54. c6 Kg8 55. c7 1-0

[Event "European Team-ch 2007"]
[Site "Crete GRE"]
[Date "2007.10.31"]
[Round "4.13"]
[White "Nyback, Tomi"]
[Black "Gelashvili, Tamaz"]
[Result "1-0"]
[WhiteElo "2565"]
[BlackElo "2623"]
[PlyCount "75"]
[EventDate "2007.10.28"]
[EventType "team"]
[EventRounds "9"]
[EventCountry "GRE"]
[Source "lmi"]
[SourceDate "2007.10.28"]
[WhiteTeam "Finland"]
[BlackTeam "Georgia"]
[WhiteTeamCountry "FIN"]
[BlackTeamCountry "GEO"]

1. d4 Nf6 2. c4 e6 3. Nf3 d5 4. g3 Bb4+ 5. Bd2 Be7 6. Bg2 c6 7. O-O b6 8. Bf4
Bb7 9. Nc3 O-O 10. Rc1 Nbd7 11. cxd5 Nxd5 12. Nxd5 exd5 13. Qa4 a5 14. Bh3 b5
15. Qc2 Re8 16. Qd2 f6 17. Rc2 Nb6 18. Rfc1 Bf8 19. Qd3 g5 20. Bd2 Nc4 21. Be1
Qe7 22. e3 a4 23. Bf5 Qf7 24. h4 Nd6 25. hxg5 fxg5 26. Bg4 Qg7 27. b3 axb3 28.
axb3 Ne4 29. Ne5 Ra6 30. Nxc6 Ba3 31. Ne5 Bxc1 32. Rxc1 Ra2 33. Qxb5 Rf8 34.
Nd7 Nxf2 35. Be6+ Kh8 36. Nxf8 Qh6 37. Ng6+ Kg7 38. Qd7+ 1-0

[Event "European Team-ch 2007"]
[Site "Crete GRE"]
[Date "2007.10.31"]
[Round "4.13"]
[White "Pantsulaia, Levan"]
[Black "Agopov, Mikael"]
[Result "1-0"]
[WhiteElo "2617"]
[BlackElo "2440"]
[PlyCount "51"]
[EventDate "2007.10.28"]
[EventType "team"]
[EventRounds "9"]
[EventCountry "GRE"]
[Source "lmi"]
[SourceDate "2007.10.28"]
[WhiteTeam "Georgia"]
[BlackTeam "Finland"]
[WhiteTeamCountry "GEO"]
[BlackTeamCountry "FIN"]

1. Nf3 Nf6 2. c4 c5 3. g3 d5 4. Nc3 d4 5. Na4 Nbd7 6. Bg2 e5 7. d3 Bd6 8. O-O
O-O 9. e3 Rb8 10. Rb1 Qc7 11. exd4 exd4 12. b4 b6 13. Ba3 Re8 14. bxc5 bxc5 15.
Rxb8 Nxb8 16. Bc1 Bd7 17. Bd2 Qc6 18. Nb2 Qa6 19. Qa1 Nc6 20. Rb1 Qa3 21. Bf1
Bg4 22. Ne1 Nb4 23. Nd1 Rxe1 24. Bxe1 Nc2 25. Qb2 Qxb2 26. Nxb2 1-0

[Event "European Team-ch 2007"]
[Site "Crete GRE"]
[Date "2007.10.31"]
[Round "4.13"]
[White "Karttunen, Mika"]
[Black "Arutinian, David"]
[Result "1/2-1/2"]
[WhiteElo "2427"]
[BlackElo "2574"]
[PlyCount "48"]
[EventDate "2007.10.28"]
[EventType "team"]
[EventRounds "9"]
[EventCountry "GRE"]
[Source "lmi"]
[SourceDate "2007.10.28"]
[WhiteTeam "Finland"]
[BlackTeam "Georgia"]
[WhiteTeamCountry "FIN"]
[BlackTeamCountry "GEO"]

1. d4 d5 2. c4 e6 3. Nc3 Bb4 4. cxd5 exd5 5. e3 Nf6 6. Nge2 O-O 7. a3 Bd6 8. g3
c6 9. Bg2 a5 10. O-O Re8 11. f3 c5 12. f4 Bg4 13. Nxd5 Nxd5 14. Bxd5 cxd4 15.
Bxb7 Bxe2 16. Qxe2 Ra7 17. Bf3 dxe3 18. Rd1 Qf6 19. Rb1 Rae7 20. b4 axb4 21.
Bb2 Qg6 22. Bh5 Qh6 23. axb4 Bxb4 24. Bxg7 Kxg7 1/2-1/2

[Event "European Team-ch 2007"]
[Site "Crete GRE"]
[Date "2007.10.31"]
[Round "4.13"]
[White "Gagunashvili, Merab"]
[Black "Keskinen, Sauli"]
[Result "1/2-1/2"]
[WhiteElo "2584"]
[BlackElo "2298"]
[PlyCount "115"]
[EventDate "2007.10.28"]
[EventType "team"]
[EventRounds "9"]
[EventCountry "GRE"]
[Source "lmi"]
[SourceDate "2007.10.28"]
[WhiteTeam "Georgia"]
[BlackTeam "Finland"]
[WhiteTeamCountry "GEO"]
[BlackTeamCountry "FIN"]

1. d4 f5 2. g3 Nf6 3. Bg2 g6 4. c3 Bg7 5. Qb3 Nc6 6. Nf3 e6 7. c4 O-O 8. O-O d6
9. d5 Ne5 10. Nd4 Ne4 11. Bxe4 fxe4 12. Nxe6 Bxe6 13. dxe6 Qc8 14. c5 dxc5 15.
Nd2 c4 16. Nxc4 Qxe6 17. Nxe5 Qxb3 18. axb3 Bxe5 19. Ra4 e3 20. f4 Bf6 21. Rd1
a6 22. Rc4 c6 23. Rc2 Rae8 24. Rd3 g5 25. Kg2 Re4 26. Rxe3 Rd4 27. Rc4 gxf4 28.
gxf4 Rd1 29. Rc2 Rfd8 30. Rf3 Kf7 31. e4 Bh4 32. Be3 Rg8+ 33. Kh3 Rd6 34. f5
Bg5 35. Bxg5 Rxg5 36. Rg3 Rh5+ 37. Kg2 Kf6 38. Re2 Ke5 39. Rg7 Rdh6 40. Kg1 b5
41. Re7+ Kd4 42. Rd2+ Ke3 43. Rc2 Rd6 44. h3 b4 45. Kg2 Rg5+ 46. Kh2 Kf3 47. f6
Rxf6 48. e5 Rh6 49. Rf7+ Ke3 50. Rf6 Rhg6 51. Rfxc6 Rxe5 52. Rxg6 hxg6 53. Rc6
Kd3 54. Rxg6 Kc2 55. Rxa6 Kxb3 56. Rb6 Re4 57. Kg3 Kxb2 58. h4 1/2-1/2

[Event "European Team-ch 2007"]
[Site "Crete GRE"]
[Date "2007.10.31"]
[Round "4.14"]
[White "Sulskis, Sarunas"]
[Black "Kulaots, Kaido"]
[Result "0-1"]
[WhiteElo "2527"]
[BlackElo "2547"]
[PlyCount "94"]
[EventDate "2007.10.28"]
[EventType "team"]
[EventRounds "9"]
[EventCountry "GRE"]
[Source "lmi"]
[SourceDate "2007.10.28"]
[WhiteTeam "Lithuania"]
[BlackTeam "Estonia"]
[WhiteTeamCountry "LTU"]
[BlackTeamCountry "EST"]

1. e4 c5 2. Nf3 d6 3. d4 cxd4 4. Nxd4 Nf6 5. Nc3 a6 6. Be3 e6 7. f3 b5 8. Qd2
Nbd7 9. O-O-O Bb7 10. g4 Nb6 11. Qf2 Nfd7 12. f4 Na4 13. Nxa4 bxa4 14. f5 e5
15. Ne6 fxe6 16. fxe6 Nf6 17. g5 Rc8 18. Bd3 Qe7 19. gxf6 Qxf6 20. Rhf1 Qxe6
21. Kb1 Be7 22. Bd2 Rc6 23. Qa7 Bc8 24. Bb4 Rf8 25. Be2 Qd7 26. Qg1 Rxf1 27.
Rxf1 g6 28. Qf2 Qe6 29. a3 Rc7 30. h4 Rc6 31. h5 g5 32. h6 g4 33. Qa7 Qd7 34.
Qe3 Qe6 35. c3 Bd7 36. Ka1 Qg6 37. Qa7 Qxe4 38. Qa8+ Bd8 39. Rf8+ Kxf8 40.
Qxd8+ Be8 41. Qf6+ Bf7 42. Qd8+ Be8 43. Bxd6+ Rxd6 44. Qxd6+ Kf7 45. Qxa6 Bd7
46. Qd6 Be6 47. Bd1 Bf5 0-1

[Event "European Team-ch 2007"]
[Site "Crete GRE"]
[Date "2007.10.31"]
[Round "4.14"]
[White "Sepp, Olav"]
[Black "Rozentalis, Eduardas"]
[Result "1/2-1/2"]
[WhiteElo "2457"]
[BlackElo "2581"]
[PlyCount "44"]
[EventDate "2007.10.28"]
[EventType "team"]
[EventRounds "9"]
[EventCountry "GRE"]
[Source "lmi"]
[SourceDate "2007.10.28"]
[WhiteTeam "Estonia"]
[BlackTeam "Lithuania"]
[WhiteTeamCountry "EST"]
[BlackTeamCountry "LTU"]

1. e4 e6 2. d4 d5 3. e5 c5 4. c3 Qb6 5. Nf3 Bd7 6. Be2 Nc6 7. O-O cxd4 8. cxd4
Nh6 9. Nc3 Nf5 10. Na4 Qa5 11. Bd2 Qd8 12. Bg5 Be7 13. Bxe7 Qxe7 14. Rc1 b6 15.
Nc3 O-O 16. a3 f6 17. Bb5 Rac8 18. Re1 Qf7 19. Bxc6 Rxc6 20. Qd2 Ne7 21. Qe3
Ng6 22. Rcd1 f5 1/2-1/2

[Event "European Team-ch 2007"]
[Site "Crete GRE"]
[Date "2007.10.31"]
[Round "4.14"]
[White "Malisauskas, Vidmantas"]
[Black "Lauk, Ular"]
[Result "0-1"]
[WhiteElo "2495"]
[BlackElo "2414"]
[PlyCount "112"]
[EventDate "2007.10.28"]
[EventType "team"]
[EventRounds "9"]
[EventCountry "GRE"]
[Source "lmi"]
[SourceDate "2007.10.28"]
[WhiteTeam "Lithuania"]
[BlackTeam "Estonia"]
[WhiteTeamCountry "LTU"]
[BlackTeamCountry "EST"]

1. e4 e5 2. Nf3 Nf6 3. Nxe5 d6 4. Nf3 Nxe4 5. c4 Nc6 6. Nc3 Nxc3 7. bxc3 Be7 8.
Qc2 Bg4 9. Be2 O-O 10. Rb1 Ne5 11. Nxe5 Bxe2 12. Kxe2 dxe5 13. Rxb7 e4 14. Qxe4
Re8 15. Kd1 Qd7 16. Kc2 Bf6 17. Qd5 Qa4+ 18. Kb1 Rab8 19. c5 Red8 20. Qf3 c6
21. Rb2 Rxb2+ 22. Bxb2 Rxd2 23. Ka1 h6 24. Rb1 Qc2 25. a3 Rxf2 26. Qxc6 Bxc3
27. Qb5 Rxg2 28. c6 Bxb2+ 29. Rxb2 Qc1+ 30. Ka2 Rxb2+ 31. Qxb2 Qxc6 32. Qb8+
Kh7 33. Qxa7 Qc2+ 34. Ka1 f5 35. Qd4 Qxh2 36. a4 Qe2 37. Qd5 Qe4 38. Qxe4 fxe4
39. Kb2 h5 40. a5 h4 41. a6 h3 42. a7 h2 43. a8=Q h1=Q 44. Kc3 Qc1+ 45. Kd4
Qg1+ 46. Ke5 Qg5+ 47. Kd4 Qf4 48. Qc8 e3+ 49. Kd3 Qf3 50. Qe6 e2+ 51. Kd2 Qf2
52. Qh3+ Kg6 53. Qe6+ Kh5 54. Qe8+ g6 55. Qe5+ g5 56. Qe8+ Kh4 0-1

[Event "European Team-ch 2007"]
[Site "Crete GRE"]
[Date "2007.10.31"]
[Round "4.14"]
[White "Liiva, Riho"]
[Black "Zagorskis, Darius"]
[Result "1/2-1/2"]
[WhiteElo "2442"]
[BlackElo "2472"]
[PlyCount "45"]
[EventDate "2007.10.28"]
[EventType "team"]
[EventRounds "9"]
[EventCountry "GRE"]
[Source "lmi"]
[SourceDate "2007.10.28"]
[WhiteTeam "Estonia"]
[BlackTeam "Lithuania"]
[WhiteTeamCountry "EST"]
[BlackTeamCountry "LTU"]

1. e4 c5 2. c3 e6 3. d4 d5 4. exd5 exd5 5. Nf3 Nc6 6. Bb5 Bd6 7. O-O Nge7 8.
dxc5 Bxc5 9. Nbd2 O-O 10. Nb3 Bb6 11. Re1 Bg4 12. Be3 Re8 13. Bxb6 Qxb6 14. Bd3
h6 15. h3 Bxf3 16. Qxf3 a5 17. Qe3 Qxe3 18. Rxe3 a4 19. Nc5 a3 20. bxa3 Rxa3
21. Nxb7 Rea8 22. Rae1 Rxa2 23. Nd6 1/2-1/2